Book

La prevención del sida en la familia

Saved in:
Bibliographic Details
Corporate Author: Organización Panamericana de la Salud
Format: Book
Language:Spanish
Published: Santa Fé de Bogotá : OPS, 1994
Subjects:

MARC

LEADER 00000nam#a2200000#a#4500
001 008923
005 20160721144916.0
008 030217s1994####ck##################spa#d
040 |a AR-beUNQ 
099 |a 25-O38 
110 2 |a Organización Panamericana de la Salud 
245 0 0 |a La prevención del sida en la familia  |c Organización Panamericana de la Salud. 
260 |a Santa Fé de Bogotá :  |b OPS,  |c 1994 
300 |a 27 p. :   |b il. 
650 7 |a FAMILIAS  |2 Spines 
650 7 |a PREVENCION  |2 toit 
653 |a SIDA 
929 |a COMPRA  |b OPS  |d 4,00  |e 20021203  |f patrimonio  |j 32920 
942 |c LIB  |n 0 
999 |c 11383  |d 86770